000 00304nam a22001337a 4500
008 180112b xxu||||| |||| 00| 0 eng d
020 _a9780470843109
041 _aeng
080 _a541
100 _a12
101 _aKIM
245 _aMolecular Modelling for Beginners
_cHichliff, A
942 _2udc
_cBK
999 _c40190
_d40190